00658nam a2200229Ia 4500003000400000005001700004008004100021020001800062040000700080041000800087082001500095100004100110245002000151250000600171260003800177300001600215365001300231906002200244942001200266999001900278952013100297OSt20230408125623.0210423s2010 xx 000 0 und d a9788181283023 cAL aeng a512.5 KWAJ aKWAK (Jin HO);HONG (Sungpyo).985038 aLinear algebra. a2 aNew DelhibSpringer Pvt Ltdc2010 axiv,390bPB b325cINR aalgebra. ; Linear 2ddccBK c158308d158308 001040708MATaSACPGbSACPGd2010-07-22eCurrent booksg325.00l0o512.5 KWAJpPG004785r2022-08-24 00:00:00w2021-04-26yBK